000 01188nam a2200301 a 4500
001 ebr10236811
003 CaPaEBR
006 m u
007 cr cn|||||||||
008 080903s2005 enka sb 001 0 eng d
020 _z9781847350831
020 _z9781847351531
040 _aCaPaEBR
_cCaPaEBR
035 _a(OCoLC)320324510
050 1 4 _aQD548
_b.F35 2005eb
100 1 _aFairgrieve, Stuart.
245 1 0 _aNucleating agents
_h[electronic resource] /
_cStuart Fairgrieve.
260 _aShawbury, U.K. :
_bRapra Technology Ltd.,
_c2005.
300 _a132 p. :
_bill.
490 1 _aRapra review reports. Report 187,
_x0889-3144 ;
_vv. 16, no. 7
504 _aIncludes bibliographical references and index.
533 _aElectronic reproduction.
_bPalo Alto, Calif. :
_cebrary,
_d2011.
_nAvailable via World Wide Web.
_nAccess may be limited to ebrary affiliated libraries.
650 0 _aNucleation.
655 7 _aElectronic books.
_2local
710 2 _aebrary, Inc.
830 0 _aRapra review reports.
_nReport 187 ;
_vv. 16, no. 7.
856 4 0 _uhttp://site.ebrary.com/lib/rucke/Doc?id=10236811
_zAn electronic book accessible through the World Wide Web; click to view
999 _c37088
_d37088